000 01726nmc a2200517 a 4500
003 AR-BaBNM
005 20251128204757.0
008 215119s1992 ||||||||||||||000 | spa||
020 _a84-375-0324-8
040 _cAR-BaBNM
245 1 0 _aTeatro argentino contemporáneo
_bantología
250 _a1ª ed.
260 _aMadrid
_bFondo de Cultura Económica
_bCentro de documentación teatral
_bSociedad estatal Quinto Centenario
_c1992
300 0 _a1205 p.
490 0 _aAntologías
500 0 _aContiene El pan de la locura - El campo - El Herrero y el Diablo - Heroica Buenos Aires - El reñidero - El Nuevo Mundo - Chúmbale - La nona- Potestad - Réquiem para un viernes a la noche - Príncipe azul - Primaveras - Knepp - Una pasión sudamericana - Per
500 0 _aIndice general
500 0 _aIndice de las obras
500 0 _aEstudio preliminar
500 0 _aGlosario: p. 1197-1205
500 0 _aContiene datos biográficos de los autores y su producción
650 4 _aLITERATURA ARGENTINA
650 4 _aTEATRO
650 4 _aPSICOANALISIS
650 4 _aSIGLO VEINTE
650 4 _aTEATRO POPULAR
650 4 _aPRODUCCION TEATRAL
650 4 _aVIDA TEATRAL
650 4 _aANTOLOGIAS
650 4 _aHISTORIA CULTURAL
653 0 _aGROTESCO
655 _aLITERATURA
700 1 _aGorostiza, Carlos
700 1 _aGambaro, Griselda
700 1 _aGené, Juan Carlos
700 1 _aDragún, Osvaldo
700 1 _aDe Cecco, Sergio
700 1 _aSomigliana, Carlos
700 1 _aCossa, Roberto M.
700 1 _aRozenmacher, Germán
700 1 _aBortnik, Aída
700 1 _aMonti, Ricardo
800 1 _aPérez Coterillo, Moisés
_edirector
942 _cBK
998 _cisola
999 _c8783
_d8783